000 00528cam a2200193ua 4500
001 1530
005 20260515113339.0
008 110711n ii |||gr||||Z||||||eng
040 _cMAIN
082 _a338.9
100 _aTandon, B. C.,
_d1984,
245 1 _aEconomic Development of developed countries
_cby B. C. Tandon
250 _a6th.
260 _aAllahabad:
_bChaitanya Publishing house,984.
300 _avii; 656p:
_c23cm.
653 _aEconomics
653 _aeconomic development of developed countries
942 _cBK
999 _c1419
_d1419